Destinations from Dortmund Airport (DTM) - Statistics

General Stats
  • This quiz has been taken 45 times
  • The average score is 30 of 46
Answer Stats
Country Airlines Destination % Correct
Ungarn Wizz Air Budapest / BUD
97%
Serbien Wizz Air Belgrade / BEG
94%
Vereinigtes Königreich Eurowings,Ryanair London Stansted / STN
91%
Türkei SunExpress Antalya / AYT
88%
Polen Wizz Air Gdansk / GDN
88%
Italien Wizz Air Rome / FCO
88%
Bulgarien Wizz Air Sofia / SOF
88%
Österreich Ryanair Vienna / VIE
88%
Rumänien Wizz Air Bucharest / OTP
85%
Portugal Ryanair Porto / OPO
85%
Nordmazedonien Wizz Air Skopje / SKP
85%
Litauen Wizz Air Vilnius / VNO
85%
Kroatien Ryanair Zagreb / ZAG
85%
Moldawien Wizz Air Chisinau / KIV
82%
Polen Ryanair,Wizz Air Katowice / KTW
82%
Polen Ryanair Krakow / KRK
82%
Deutschland Eurowings Munich / MUC
82%
Spanien Eurowings,Ryanair Palma de Mallorca / PMI
82%
Kosovo Trade Air,Wizz Air Pristina / PRN
82%
Albanien Wizz Air Tirana / TIA
82%
Türkei SunExpress Izmir / ADB
79%
Spanien Eurowings,Ryanair Malaga / AGP
79%
Griechenland Eurowings,Ryanair Thessaloniki / SKG
79%
Griechenland Eurowings Heraklion / HER
74%
Kroatien Eurowings Split / SPU
74%
Bulgarien Wizz Air Varna / VAR
74%
Polen Wizz Air Wroclaw / WRO
74%
Montenegro Wizz Air Podgorica / TGD
71%
Rumänien Wizz Air Cluj-Napoca / CLJ
68%
Griechenland Eurowings Rhodes / RHO
68%
Spanien Eurowings Alicante / ALC
65%
Serbien Wizz Air Nis / INI
56%
Bosnien-Herzegowina Wizz Air Banja Luka / BNX
53%
Italien Eurowings Catania / CTA
47%
Rumänien Wizz Air Iasi / IAS
47%
Rumänien Wizz Air Timisoara / TSR
47%
Georgien Wizz Air Kutaissi / KUT
41%
Nordmazedonien Wizz Air Ohrid / OHD
41%
Rumänien Wizz Air Sibiu / SBZ
41%
Bosnien-Herzegowina Wizz Air Tuzla / TZL
41%
Griechenland Eurowings Kavala / KVA
26%
Rumänien Wizz Air Suceava / SCV
21%
Rumänien Wizz Air Targu Mures / TGM
21%
Armenien Wizz Air Yerewan / EVN
15%
Polen Wizz Air Olsztyn / SZY
9%
Türkei SunExpress Zonguldak / ONQ
3%
No matching quizzes found
Score Distribution
Percent of People with Each Score
Percentile by Number Answered
Your Score History
You have not taken this quiz